| 000 | 00563nam a2200181Ia 4500 | ||
|---|---|---|---|
| 008 | 090124s9999 xx 000 0 und d | ||
| 082 | _b114429 | ||
| 100 | _aकालेलकर मधुसूदन | ||
| 245 | _a ही वाट दूर जाते | ||
| 250 | _a1 | ||
| 260 | _c1972 | ||
| 300 | _a89 | ||
| 600 | _aकालेलकर मधुसूदन | ||
| 630 | _a ही वाट दूर जाते | ||
| 700 | _aकालेलकर मधुसूदन | ||
| 730 | _a ही वाट दूर जाते | ||
| 942 | _cBOOK | ||
| 999 |
_c160520 _d160520 |
||